000
00316nam a2200145Ia 4500
100
_a
Dalal/Hemal
650
_a
Microprocessors
942
_c
BK
654
_a
8086
245
_a
8086 Microprocessors
260
_b
Nandu Book House
_a
Mumbai
_c
2007
082
_a
004.16/DAL
_b
DAL
300
_a
356
546
_a
ENGLISH
999
_c
32419
_d
32419